000 00244nam a2200109 4500
003 SGT
022 _a0974-5009
245 _aJOURNAL OF THE SCIENTIFIC SOCIETY
260 _aNEW DELHI
_bWOLTERS KLUWER
_c2015
310 _aQUATRLY
942 _2ddc
_cLJ
999 _c7664
_d7664